Alle Nationalitäten, die jemals für den VFL Wolfsburg gespielt haben - Statistiken

Allgemein
  • Dieses Quiz wurde 34 mal gespielt
  • Das Durchschnittsergebnis liegt bei 54 aus 71
Antwortstatistiken
Hint Antwort % Korrekt
Europa Deutschland
100%
Europa Portugal
100%
Europa Schweiz
100%
Europa Belgien
97%
Europa Bosnien-Herzegowina
97%
Europa Dänemark
97%
Europa England
97%
Europa Frankreich
97%
Europa Italien
97%
Europa Niederlande
97%
Europa Österreich
97%
Europa Polen
97%
Europa Schweden
97%
Europa Serbien
97%
Europa Spanien
97%
Südamerika Argentinien
94%
Südamerika Brasilien
94%
Europa Kosovo
94%
Europa Kroatien
94%
Europa Norwegen
94%
Europa Slowakei
94%
Europa Tschechien
94%
Asien Türkei
94%
Europa Ungarn
94%
Nordamerika Vereinigte Staaten
94%
Europa Albanien
90%
Afrika Ghana
90%
Europa Irland
90%
Nordamerika Kanada
90%
Afrika Algerien
87%
Europa Bulgarien
87%
Europa Griechenland
87%
Asien Japan
87%
Europa Nordmazedonien
87%
Europa Rumänien
87%
Afrika Ägypten
84%
Südamerika Chile
84%
Nordamerika Mexiko
84%
Europa Schottland
84%
Ozeanien Australien
81%
Südamerika Kolumbien
81%
Asien China
77%
Afrika DR Kongo
77%
Afrika Marokko
77%
Asien Südkorea
77%
Asien Iran
74%
Nordamerika Jamaika
74%
Europa Montenegro
74%
Afrika Nigeria
74%
Südamerika Peru
74%
Afrika Senegal
74%
Europa Belarus
71%
Afrika Tunesien
71%
Südamerika Venezuela
68%
Südamerika Ecuador
65%
Südamerika Paraguay
65%
Afrika Elfenbeinküste
61%
Afrika Kamerun
61%
Asien Kasachstan
52%
Asien Georgien
48%
Nordamerika Guatemala
48%
Afrika Guinea
45%
Südamerika Suriname
45%
Nordamerika Trinidad und Tobago
45%
Afrika Kenia
42%
Afrika Burundi
32%
Nordamerika Curacao
29%
Nordamerika Dominikanische Republik
29%
Nordamerika Martinique
16%
Asien Palästina
16%
Nordamerika Guadeloupe
0%
Keine übereinstimmenden Quizze gefunden
Verteilung der Resultate
Anzahl Personen mit jedem Resultat
Perzentil nach korrekt beantworteten Fragen
Ihre Resultats-Entwicklung
Sie haben dieses Quiz noch nicht gespielt